Catalytic activities of metal complexes and their relation to enzymes / (Record no. 83570)
[ view plain ]
| 000 -LEADER | |
|---|---|
| fixed length control field | 00888nam a22002417a 4500 |
| 001 - CONTROL NUMBER | |
| RUCL Control Number | 83570 |
| 003 - CONTROL NUMBER IDENTIFIER | |
| rucl marc code | BD-RjUL |
| 005 - DATE AND TIME OF LATEST TRANSACTION | |
| control field | 20240423164149.0 |
| 008 - FIXED-LENGTH DATA ELEMENTS--GENERAL INFORMATION | |
| fixed length control field | 240423s1993 bg a|||| m||| 00| 0 eng d |
| 035 ## - SYSTEM CONTROL NUMBER | |
| system control number | (BD-RjUL)83570 |
| 040 ## - CATALOGING SOURCE | |
| Original cataloging agency | BD-RjUL |
| Language of cataloging | eng |
| Transcribing agency | BD-RjUL |
| Modifying agency | BD-RjUL |
| 041 ## - LANGUAGE CODE | |
| Language code of Book | eng |
| 082 ## - DEWEY DECIMAL CLASSIFICATION NUMBER | |
| DDC Edition number | 23 |
| Classification number | 572.7 |
| Author mark and Year | CHC 1993 |
| 100 ## - MAIN ENTRY--PERSONAL NAME | |
| Personal name | Chakraborty, Haribal |
| 9 (RLIN) | 12685 |
| 245 10 - TITLE STATEMENT | |
| Title | Catalytic activities of metal complexes and their relation to enzymes / |
| Statement of responsibility, etc | By Haribal, Chakraborty ; |
| Name of Supervisor/Co-Supervisor | Supervisor : M. Lutfor Rahman |
| 260 ## - PUBLICATION, DISTRIBUTION, ETC. (IMPRINT) | |
| Place of publication, distribution, etc | Rajshahi : |
| Name of publisher, distributor, etc | Department of Chemistry, University of Rajshahi, |
| Date of publication, distribution, etc | 1993 |
| 300 ## - PHYSICAL DESCRIPTION | |
| Pagination | [12], 395 leaves : |
| Other physical details | ill, ; |
| Dimensions | 30.cm. |
| 502 ## - DISSERTATION NOTE | |
| Dissertation note | Thesis (Ph. D.) -- Department of Chemistry, University of Rajshahi, 1993 |
| 504 ## - BIBLIOGRAPHY, ETC. NOTE | |
| Bibliography, etc | References : Leaves 1 - 5 |
| 650 ## - SUBJECT ADDED ENTRY--TOPICAL TERM | |
| Topical term or geographic name as entry element | Enzymes |
| Form subdivision | Biochemistry |
| 9 (RLIN) | 6395 |
| 700 ## - ADDED ENTRY--SUPERVISOR/CO-SUPERVISOR NAME | |
| Personal name | Rahman, M. Lutfor, Supervisor |
| 9 (RLIN) | 12686 |
| 942 ## - ADDED ENTRY ELEMENTS (KOHA) | |
| Source of classification or shelving scheme | Dewey Decimal Classification |
| Koha item type | Theses |
| Source of classification or shelving scheme | Damaged status | Not for loan | Collection code | Permanent Location | Current Location | Shelving location | Date of accession | Source of acquisition | Total Checkouts | Full call number | Barcode | Date last seen | Copy number | Thesis |
|---|---|---|---|---|---|---|---|---|---|---|---|---|---|---|
| Dewey Decimal Classification | Not For Loan | Theses | Central Library, University of Rajshahi | Central Library, University of Rajshahi | Documentation Section | 05/03/1994 | Controller of Exam. R. U. | THE 572.7 CHC 1993 | D1728 | 23/04/2024 | C-1 | Theses |